01646cam a2200241 i 450000100090000000300030000900500170001200800410002901000170007002000180008704000230010504200140012805000240014208200100016610000190017624500410019530000410023649000580027752009980033565000270133365000220136065000220138218579425LC20170113165436.0150417s2015 paua d 000 1 eng  a 2015939051 a9781594748400 aDLCbengerdacDLC alcacapcc00aPZ 7.R4423bLi 201500a[Fic]1 aRiggs, Ransom.10aLibrary of souls /cby Ransom Riggs. a458 pages :billustrations ;c22 cm.1 aThe third novel of Miss Peregrine's Peculiar Children a"A boy with extraordinary powers. An army of deadly monsters. An epic battle for the future of peculiardom. The adventure that began with Miss Peregrine's Home for Peculiar Children and continued in Hollow City comes to a thrilling conclusion with Library of Souls. As the story opens, sixteen-year-old Jacob discovers a powerful new ability, and soon he's diving through history to rescue his peculiar companions from a heavily guarded fortress. Accompanying Jacob on his journey are Emma Bloom, a girl with fire at her fingertips, and Addison MacHenry, a dog with a nose for sniffing out lost children. They'll travel from modern-day London to the labyrinthine alleys of Devil's Acre, the most wretched slum in all of Victorian England. It's a place where the fate of peculiar children everywhere will be decided once and for all. Like its predecessors, Library of Souls blends thrilling fantasy with never-before-published vintage photography to create a one-of-a-kind reading experience"-- 1aSupernaturalvFiction. 1aEscapesvFiction. 1aRescuesvFiction.